कुर्सीस्तान के पाखंडीलाल / (Record no. 113804)

MARC details
000 -LEADER
fixed length control field 01029nam a22002537a 4500
005 - DATE AND TIME OF LATEST TRANSACTION
control field 20170124102958.0
010 ## - LIBRARY OF CONGRESS CONTROL NUMBER
LC control number B-193771
020 ## - INTERNATIONAL STANDARD BOOK NUMBER
Terms of availability 250.00
International Standard Book Number 8190207628
035 ## - SYSTEM CONTROL NUMBER
System control number B-193771
037 ## - SOURCE OF ACQUISITION
Source of stock number/acquisition Cen Lib/Ret
040 ## - CATALOGING SOURCE
Original cataloging agency DPL
Language of cataloging HN
082 ## - DEWEY DECIMAL CLASSIFICATION NUMBER
Classification number 827
Item number सुरेश
100 ## - MAIN ENTRY--PERSONAL NAME
Personal name सुरेश
9 (RLIN) 6954
245 ## - TITLE STATEMENT
Title कुर्सीस्तान के पाखंडीलाल /
Statement of responsibility, etc सुरेश
246 ## - VARYING FORM OF TITLE
Title proper/short title Kurseestan ke pakhandilal /
Remainder of title by Suresh
260 ## - PUBLICATION, DISTRIBUTION, ETC. (IMPRINT)
Place of publication, distribution, etc जयपुर
Name of publisher, distributor, etc रॉयल पब्लिकेशन
Date of publication, distribution, etc 2005
270 ## - ADDRESS
City जयपुर
Address 12, बन्धु नगर, परमहंस कॉलोनी, सीकर रोड
Postal code 23
300 ## - PHYSICAL DESCRIPTION
Extent 184पृ.
Dimensions 21सेमी (सजिल्द)
650 ## - SUBJECT ADDED ENTRY--TOPICAL TERM
Topical term or geographic name as entry element हिन्दी -- साहित्य
9 (RLIN) 53910
650 ## - SUBJECT ADDED ENTRY--TOPICAL TERM
Topical term or geographic name as entry element हिन्दी -- कहानियां
9 (RLIN) 53911
650 ## - SUBJECT ADDED ENTRY--TOPICAL TERM
Topical term or geographic name as entry element Hindi -- Literature
9 (RLIN) 53912
650 ## - SUBJECT ADDED ENTRY--TOPICAL TERM
Topical term or geographic name as entry element Hindi - Stories
9 (RLIN) 53913
942 ## - ADDED ENTRY ELEMENTS (KOHA)
Source of classification or shelving scheme Dewey Decimal Classification
Koha item type Hindi Books
Classification part 827
Call number suffix सुरेश
Holdings
Withdrawn status Lost status Damaged status Not for loan Home library Current library Date acquired Source of acquisition Cost, normal purchase price Total Checkouts Full call number Barcode Date last seen Copy number Cost, replacement price Price effective from Koha item type Source of classification or shelving scheme Collection code
        Central Library Central Library 13/08/2015 Cen Lib/Ret 250.00   827 सुरेश B-193771 13/08/2015 1 250.00 13/08/2015 Hindi Books    
        Yojana Vihar Yojana Vihar 23/07/2019 BPPD/PUB 250.00   827 सुरेश B-193794 23/07/2019   250.00 23/07/2019 Hindi Books Dewey Decimal Classification Non-fiction

© Delhi Public Library
Hit Counter
free hit counter